000 00512nam a22001937a 4500
003 CEME
005 20210628202917.0
008 210104b xxu||||| |||| 00| 0 eng d
020 _a9788131718360
040 _cc
082 _a629.892 CRA
100 _aCraig, John J
_959165
245 _aIntroduction to robotics ,mechanics and control
250 _a3RD
260 _aINDIA
_bPEARSON EDUCATION
_c2016
300 _aVIII, 400P
650 _aTEXTBOOK-DME.INTRODUCTION TO ROBOTICS
_962263
942 _cBK
_2ddc
999 _c571425
_d571425